TBMM albümü 23. dönem (Record no. 10724)

MARC details
000 -BAŞLIK
Sabit Uzunlukta Kontrol Alanı 00657na a2200217 4500
001 - KONTROL NUMARASI
Denetim Alanı 24199
003 - KONTROL NUMARASI IDENTIFIER
Denetim Alanı MIRAKIL
005 - SON İŞLEM TARİHİ VE ZAMANI
Denetim Alanı 20181213155331.0
008 - SABİT-BOY VERİ ELEMANLARI - GENEL BİLGİLER
Sabit Uzunlukta Kontrol Alanı 180612b tu 000 0
040 ## - KATALOGLAMA KAYNAK
Orijinal Kataloglama Ajansı Milas
Kataloglama Dili tur
Metne Dönüştürmek Ajansı TR-AnCHP
041 ## - DİL KODU
Metin / Ses Parça Veya Ayrı Başlığın Dil Kodu tur
082 ## - DEWEY ONLU SINIFLANDIRMA NUMARASI
Sınıflandırma Numarası 328.561
Ürün Numarası T15t 2007
090 ## - SINIFLAMA NUMARASI
Sınıflama Numarası 328.561 T15t 2007
110 ## - ANA GİRİŞ - KURUMSAL ADI
Giriş Elemanı Olarak Kurumsal Ad Veya Yargı Alanı Adı Türkiye Büyük Millet Meclisi (TBMM)
245 ## - BAŞLIK TABLOSU
Başlık TBMM albümü 23. dönem
Sorumluluk Tablosu, Vb Türkiye Büyük Millet Meclisi (TBMM)
260 ## - YAYIN, DAĞITIM, VB
Yayın, Dağıtım, Vb Yeri Ankara
Yayıncı, Dağıtıcı, Vs Adı Türkiye Büyük Millet Meclisi (TBMM)
Yayın, Dağıtım, Vb Tarihi 2007
300 ## - FİZİKSEL TANIM
Kapsam 309 s.
Diğer Fiziksel Ayrıntıları fotg.
Boyutlar 19 sm.
610 ## - KONU KATMA GİRİŞ - TOPLANTI ADI
Giriş Elemanı Olarak Kurumsal Ad Veya Yargı Alanı Adı TBMM
Genel Alt Bölüm Albümler
Kronolojik Alt Bölüm 2007
942 ## - EKLENDİ GİRİŞ ELEMANLARI (KOHA)
Sınıflandırma Veya Raf Düzeni Kaynak Dewey Decimal Classification
Koha Öğesi Türü Books
999 ## - SİSTEM KONTROL NUMARALARI (KOHA)
Koha Biblionumber 10724
Koha Biblioitemnumber 10724
657 ## - INDEX SÜRE - İŞLEVİ
-- 23. dönem milletvekili albümü
Holdings
Kalıcı Konum Mevcut Konum Edinme Tarihi Edinim Kaynak Toplam Check-Out'Lar Tam Çağrı Numarası Barkod Tarih Son Görülme İtibaren Geçerli Fiyatlar Koha Öğesi Türü
CHP Kütüphanesi CHP Kütüphanesi 06/12/2018 Bağış   328.561 T15t 2007 018203 06/12/2018 06/12/2018 Books